| 000 | 00621nam a2200121Ia 4500 | ||
|---|---|---|---|
| 008 | 220615s9999||||xx |||||||||||||| ||und|| | ||
| 100 | _aKostick, Conor | ||
| 245 | 4 | _aThe Social Structure of the First Crusade | |
| 546 | _aEnglish[eng] | ||
| 650 | _aHistory||Medieval History History||Antioch||Bohemond I of Antioch||Crusades||First Crusade||Gesta Francorum||Jerusalem||Raymond of Aguilers | ||
| 856 | _uhttps://library.oapen.org/bitstream/20.500.12657/31507/1/627430.pdf||https://library.oapen.org/bitstream/20.500.12657/31507/1/627430.pdf||https://library.oapen.org/bitstream/20.500.12657/31507/1/627430.pdf | ||
| 942 | _cEB | ||
| 999 |
_c8276 _d8276 |
||